000 00383nam a22001577a 4500
005 20200531150840.0
008 200531b xxu||||| |||| 00| 0 eng d
041 _aeng
082 _a340
100 _aBARE ACT
_95744
245 _aTHE RESEARCH AND DEVELOPMENT CESS ACT, 1986
260 _aDELHI
_bPROFESSIONAL BOOK PUBLISHERS
300 _a7;p
650 _aLAW
_95701
942 _cBK
999 _c6723
_d6721